[Event "46. Toreno La Roda 2019"]
[Site "La Roda ESP"]
[Date "2019.04.17"]
[Round "1.1"]
[White "Ribes Peris, Alvaro"]
[Black "Predke, Alexandr"]
[Result "0-1"]
[WhiteElo "1977"]
[BlackElo "2619"]
[PlyCount "54"]
[EventDate "2019.04.17"]
[EventType "swiss"]
[EventRounds "9"]
[EventCountry "ESP"]
[SourceTitle "Ajedrez en Madrid"]
[Source "lmi"]
[SourceDate "2019.04.17"]
[SourceVersion "1"]
[SourceVersionDate "2019.04.22"]
[SourceQuality "1"]

1. d4 Nf6 2. c4 e6 3. Nc3 Bb4 4. e3 c5 5. Bd3 Nc6 6. Nge2 O-O 7. O-O d6 8. a3
Ba5 9. Bc2 Qe7 10. b3 Bd7 11. Bb2 cxd4 12. exd4 d5 13. c5 Bc7 14. Ng3 Ne8 15.
Qd3 f5 16. Rad1 Qh4 17. Rfe1 Nf6 18. Nf1 Ne4 19. g3 Qh3 20. Bc1 Nxc3 21. Qxc3
f4 22. Qd3 e5 23. dxe5 f3 24. Ne3 d4 25. Qxh7+ Qxh7 26. Bxh7+ Kxh7 27. Nc4 Be6
0-1

[Event "46. Toreno La Roda 2019"]
[Site "La Roda ESP"]
[Date "2019.04.17"]
[Round "1.2"]
[White "Grachev, Boris"]
[Black "Castro Arguello, David"]
[Result "1-0"]
[WhiteElo "2618"]
[BlackElo "1976"]
[PlyCount "133"]
[EventDate "2019.04.17"]
[EventType "swiss"]
[EventRounds "9"]
[EventCountry "ESP"]
[SourceTitle "Ajedrez en Madrid"]
[Source "lmi"]
[SourceDate "2019.04.17"]
[SourceVersion "1"]
[SourceVersionDate "2019.04.22"]
[SourceQuality "1"]

1. Nf3 Nf6 2. c4 e6 3. Nc3 d5 4. e3 Be7 5. b3 O-O 6. Bb2 c5 7. cxd5 exd5 8. d4
Nc6 9. Be2 Bg4 10. dxc5 Bxc5 11. O-O a6 12. Rc1 Qd6 13. h3 Bxf3 14. Bxf3 Rfd8
15. Qc2 Ne5 16. Be2 Rac8 17. Na4 Ned7 18. Nxc5 Rxc5 19. Qf5 Rc6 20. Bd3 Qe6 21.
Qf4 Nc5 22. Bf5 Qd6 23. Qh4 Nce4 24. Rfd1 g6 25. Bxe4 Nxe4 26. Rxc6 bxc6 27.
Be5 Qf8 28. f3 f6 29. Bb2 Ng5 30. Qf4 Ne6 31. Qxf6 Qxf6 32. Bxf6 Rd7 33. b4 Kf7
34. Be5 Nd8 35. Rc1 Ke6 36. Bg3 g5 37. h4 h6 38. Kf2 Rb7 39. a3 Kd7 40. hxg5
hxg5 41. Rh1 Nf7 42. Rh7 Ke6 43. Rg7 a5 44. bxa5 Ra7 45. Rg6+ Kd7 46. Rf6 Nd8
47. Rd6+ Ke7 48. Rh6 Rxa5 49. Bc7 Ra6 50. Bxd8+ Kxd8 51. g4 Kd7 52. Rg6 Rxa3
53. Rxg5 Ra2+ 54. Kg3 Rd2 55. Rg7+ Kd6 56. Rg6+ Kd7 57. g5 c5 58. Ra6 c4 59. g6
Ke7 60. Ra7+ Kf8 61. f4 Rd3 62. f5 Rxe3+ 63. Kf4 Re1 64. f6 Rf1+ 65. Ke5 Re1+
66. Kd6 Re8 67. g7+ 1-0

[Event "46. Toreno La Roda 2019"]
[Site "La Roda ESP"]
[Date "2019.04.17"]
[Round "1.3"]
[White "Gonzalez Manchon, Juan Miguel"]
[Black "Perez Candelario, Manuel"]
[Result "0-1"]
[WhiteElo "1974"]
[BlackElo "2615"]
[PlyCount "50"]
[EventDate "2019.04.17"]
[EventType "swiss"]
[EventRounds "9"]
[EventCountry "ESP"]
[SourceTitle "Ajedrez en Madrid"]
[Source "lmi"]
[SourceDate "2019.04.17"]
[SourceVersion "1"]
[SourceVersionDate "2019.04.22"]
[SourceQuality "1"]

1. d4 d6 2. c4 e5 3. Nf3 e4 4. Ng5 f5 5. Nh3 Be7 6. Nf4 Nf6 7. Nd5 O-O 8. Nbc3
Be6 9. Nxe7+ Qxe7 10. e3 c5 11. Nd5 Bxd5 12. cxd5 Nbd7 13. b3 Rac8 14. Bb2 f4
15. dxc5 fxe3 16. fxe3 Nxc5 17. Bd4 Nfd7 18. Rc1 Ne5 19. Bxe5 Qxe5 20. Rc2 Nd3+
21. Bxd3 exd3 22. Qxd3 Rxc2 23. Qxc2 Qxe3+ 24. Kd1 Qd4+ 25. Kc1 Qa1+ 0-1

[Event "46. Toreno La Roda 2019"]
[Site "La Roda ESP"]
[Date "2019.04.17"]
[Round "1.4"]
[White "Popov, Ivan"]
[Black "De Lucas Bello, Federico"]
[Result "1-0"]
[WhiteElo "2585"]
[BlackElo "1973"]
[PlyCount "65"]
[EventDate "2019.04.17"]
[EventType "swiss"]
[EventRounds "9"]
[EventCountry "ESP"]
[SourceTitle "Ajedrez en Madrid"]
[Source "lmi"]
[SourceDate "2019.04.17"]
[SourceVersion "1"]
[SourceVersionDate "2019.04.22"]
[SourceQuality "1"]

1. e4 c5 2. Nf3 d6 3. d4 cxd4 4. Nxd4 Nf6 5. Nc3 a6 6. h3 e5 7. Nde2 h5 8. g3
Be6 9. Bg2 Nbd7 10. a4 Be7 11. b3 Rc8 12. f4 g6 13. Rf1 Nf8 14. f5 Bd7 15. Be3
Bc6 16. a5 N8d7 17. Nd5 Bxd5 18. exd5 gxf5 19. Rxf5 Nf8 20. Qd2 Qc7 21. O-O-O
Rg8 22. Bb6 Qb8 23. Rdf1 N8d7 24. Kb1 Rg6 25. Nc3 Kf8 26. Ne4 Kg7 27. g4 hxg4
28. hxg4 Rf8 29. g5 Nh5 30. Be3 Nf4 31. Bxf4 exf4 32. Qxf4 Ne5 33. Bf3 1-0

[Event "46. Toreno La Roda 2019"]
[Site "La Roda ESP"]
[Date "2019.04.17"]
[Round "1.5"]
[White "Prats Rodriguez, Juan Bosco"]
[Black "Forcen Esteban, Daniel"]
[Result "0-1"]
[WhiteElo "1959"]
[BlackElo "2567"]
[PlyCount "90"]
[EventDate "2019.04.17"]
[EventType "swiss"]
[EventRounds "9"]
[EventCountry "ESP"]
[SourceTitle "Ajedrez en Madrid"]
[Source "lmi"]
[SourceDate "2019.04.17"]
[SourceVersion "1"]
[SourceVersionDate "2019.04.22"]
[SourceQuality "1"]

1. e4 c5 2. Nc3 a6 3. g3 b5 4. Bg2 Bb7 5. d3 e6 6. Nh3 d6 7. O-O Be7 8. f4 Nf6
9. f5 b4 10. Na4 e5 11. g4 h6 12. a3 a5 13. b3 Nc6 14. Bb2 Ra6 15. Bf3 Nd7 16.
Kh1 Qa8 17. Qe2 Bg5 18. Kg1 Qa7 19. Rf2 Bh4 20. Rg2 c4+ 21. Kh1 c3 22. Bc1 Nd4
23. Qf1 f6 24. Be3 Bc6 25. Bxd4 Qxd4 26. axb4 axb4 27. Qg1 O-O 28. Qxd4 exd4
29. Nf4 Ne5 30. Be2 Rfa8 31. Nd5 Bxd5 32. exd5 Re8 33. Bf1 Kf8 34. h3 Bg5 35.
Re2 Be3 36. Bg2 Ke7 37. Be4 h5 38. gxh5 Rh8 39. Kg2 Rxh5 40. Rxe3 dxe3 41. d4
Rh4 42. dxe5 Rxe4 43. exd6+ Kxd6 44. Nxc3 Rxa1 45. Nxe4+ Kxd5 0-1

[Event "46. Toreno La Roda 2019"]
[Site "La Roda ESP"]
[Date "2019.04.17"]
[Round "1.7"]
[White "Gines Abad, Pedro"]
[Black "Grigoryan, Karen H."]
[Result "0-1"]
[WhiteElo "1958"]
[BlackElo "2545"]
[PlyCount "68"]
[EventDate "2019.04.17"]
[EventType "swiss"]
[EventRounds "9"]
[EventCountry "ESP"]
[SourceTitle "Ajedrez en Madrid"]
[Source "lmi"]
[SourceDate "2019.04.17"]
[SourceVersion "1"]
[SourceVersionDate "2019.04.22"]
[SourceQuality "1"]

1. d4 g6 2. e4 Bg7 3. c4 d6 4. Nc3 Nf6 5. Be3 Ng4 6. Bg5 h6 7. Bh4 Nc6 8. Be2
Nf6 9. d5 Ne5 10. h3 c6 11. Nf3 Nxf3+ 12. Bxf3 O-O 13. e5 dxe5 14. dxc6 bxc6
15. Qxd8 Rxd8 16. Bxf6 Bxf6 17. Bxc6 Rb8 18. Rd1 Rxd1+ 19. Nxd1 Rb6 20. Be4 Bg7
21. b3 f5 22. Bc2 Bb7 23. Rg1 e4 24. Ke2 f4 25. g3 f3+ 26. Kd2 Rd6+ 27. Kc1 Bd4
28. Re1 Bc5 29. Bxe4 Re6 30. Bxb7 Rxe1 31. Bxf3 Bxf2 32. g4 Bc5 33. h4 e5 34.
Kc2 e4 0-1

[Event "46. Toreno La Roda 2019"]
[Site "La Roda ESP"]
[Date "2019.04.17"]
[Round "1.8"]
[White "Ibarra Jerez, Jose Carlos"]
[Black "Perez Guerra, Alberto"]
[Result "1-0"]
[WhiteElo "2542"]
[BlackElo "1958"]
[PlyCount "69"]
[EventDate "2019.04.17"]
[EventType "swiss"]
[EventRounds "9"]
[EventCountry "ESP"]
[SourceTitle "Ajedrez en Madrid"]
[Source "lmi"]
[SourceDate "2019.04.17"]
[SourceVersion "1"]
[SourceVersionDate "2019.04.22"]
[SourceQuality "1"]

1. e4 e5 2. Nf3 Nc6 3. d4 exd4 4. Nxd4 Nf6 5. Nxc6 bxc6 6. Qe2 Bb4+ 7. c3 Bc5
8. e5 Nd5 9. c4 Bb4+ 10. Bd2 Nf4 11. Qe3 Bxd2+ 12. Nxd2 Ng6 13. Bd3 Qe7 14. O-O
O-O 15. Rae1 f5 16. c5 a5 17. Qd4 Kh8 18. Nf3 Ba6 19. Bxa6 Rxa6 20. Rd1 Rd8 21.
Qd3 Raa8 22. Qxf5 Qxc5 23. Ng5 Rf8 24. Qxd7 Nxe5 25. Qxg7+ Kxg7 26. Ne6+ Kf6
27. Nxc5 Rfd8 28. f4 Nc4 29. b3 Nd6 30. Rfe1 Re8 31. Kf2 h5 32. Kf3 Kf5 33. a4
Rab8 34. Rxe8 Rxe8 35. g3 1-0

[Event "46. Toreno La Roda 2019"]
[Site "La Roda ESP"]
[Date "2019.04.17"]
[Round "1.9"]
[White "Gauche, Eduardo"]
[Black "Maiorov, Nikita"]
[Result "0-1"]
[WhiteElo "1958"]
[BlackElo "2540"]
[PlyCount "81"]
[EventDate "2019.04.17"]
[EventType "swiss"]
[EventRounds "9"]
[EventCountry "ESP"]
[SourceTitle "Ajedrez en Madrid"]
[Source "lmi"]
[SourceDate "2019.04.17"]
[SourceVersion "1"]
[SourceVersionDate "2019.04.22"]
[SourceQuality "1"]

1. e4 e5 2. Nf3 Nc6 3. Bc4 Bc5 4. d3 Nf6 5. Bg5 h6 6. Bh4 Be7 7. O-O d6 8. h3
O-O 9. Nc3 Na5 10. Bxf6 Bxf6 11. Nd5 a6 12. Bb3 Nxb3 13. axb3 Be6 14. Nxf6+
Qxf6 15. d4 exd4 16. Qxd4 Qf4 17. e5 dxe5 18. Qxe5 Qxe5 19. Nxe5 Rad8 20. f4
Rd2 21. Rf2 Rfd8 22. Nf3 R2d6 23. Re1 g6 24. b4 b6 25. Kh2 c5 26. bxc5 bxc5 27.
c3 Rb8 28. Ree2 a5 29. Rd2 Rdb6 30. Ne5 Kg7 31. g4 Kf6 32. Nd3 Rb5 33. Kg3 a4
34. g5+ hxg5 35. fxg5+ Kxg5 36. Rf4 Ra8 37. h4+ Kh6 38. Rff2 a3 39. bxa3 Rb3
40. Nf4 Rxc3+ 41. Kg2 0-1

[Event "46. Toreno La Roda 2019"]
[Site "La Roda ESP"]
[Date "2019.04.17"]
[Round "1.10"]
[White "Sivuk, Vitaly"]
[Black "Buendia Morcillo, Luis"]
[Result "1-0"]
[WhiteElo "2523"]
[BlackElo "1954"]
[PlyCount "65"]
[EventDate "2019.04.17"]
[EventType "swiss"]
[EventRounds "9"]
[EventCountry "ESP"]
[SourceTitle "Ajedrez en Madrid"]
[Source "lmi"]
[SourceDate "2019.04.17"]
[SourceVersion "1"]
[SourceVersionDate "2019.04.22"]
[SourceQuality "1"]

1. e4 c6 2. d4 d5 3. e5 c5 4. Nf3 cxd4 5. Nxd4 e6 6. Nd2 Nc6 7. N2f3 Bc5 8. c3
Nge7 9. Bd3 Qc7 10. Nb5 Qb8 11. O-O a6 12. Be3 Ba7 13. Bxa7 Nxa7 14. Nd6+ Kd7
15. Nxf7 Rf8 16. Nd6 Nac6 17. Qe2 h6 18. Rfe1 Qa7 19. Rad1 Kc7 20. c4 Bd7 21.
a3 Rf4 22. cxd5 Nxd5 23. Be4 Raf8 24. g3 Rg4 25. Bxd5 exd5 26. e6 Kxd6 27. exd7
Rg6 28. Rxd5+ Kc7 29. d8=Q+ Rxd8 30. Rxd8 Nxd8 31. Qe7+ Kc8 32. Ne5 Qb6 33.
Qd7+ 1-0

[Event "46. Toreno La Roda 2019"]
[Site "La Roda ESP"]
[Date "2019.04.17"]
[Round "1.11"]
[White "Rodriguez Redondo, Adhara"]
[Black "Burmakin, Vladimir"]
[Result "0-1"]
[WhiteElo "1953"]
[BlackElo "2495"]
[PlyCount "84"]
[EventDate "2019.04.17"]
[EventType "swiss"]
[EventRounds "9"]
[EventCountry "ESP"]
[SourceTitle "Ajedrez en Madrid"]
[Source "lmi"]
[SourceDate "2019.04.17"]
[SourceVersion "1"]
[SourceVersionDate "2019.04.22"]
[SourceQuality "1"]

1. e4 d5 2. exd5 Qxd5 3. Nc3 Qd6 4. d4 Nf6 5. h3 c6 6. Nf3 g6 7. Bd3 Bg7 8. O-O
O-O 9. Ne2 Nbd7 10. Bf4 Qb4 11. Qc1 c5 12. c3 Qb6 13. Re1 Nd5 14. Bh2 e6 15. a4
cxd4 16. Nexd4 a6 17. a5 Qc5 18. Nb3 Qe7 19. Ne5 Nxe5 20. Bxe5 Bd7 21. Bxg7
Kxg7 22. Be4 Nf6 23. Bf3 Rab8 24. Qe3 Bc6 25. Nd4 Bxf3 26. Nxf3 Rfd8 27. Ra4
Rbc8 28. Rd4 Rxd4 29. Qxd4 Qc5 30. Re5 Qa7 31. Qa4 Rd8 32. Re1 Rd5 33. Ra1 e5
34. c4 Rd7 35. Qc2 Qc5 36. Nd2 Qd4 37. Nf1 Qd3 38. Ne3 Qxc2 39. Nxc2 Rd2 40.
Rc1 Ne4 41. f3 Ng3 42. Kh2 Ne2 0-1

[Event "46. Toreno La Roda 2019"]
[Site "La Roda ESP"]
[Date "2019.04.17"]
[Round "1.12"]
[White "Espinosa Aranda, Angel"]
[Black "Garrido Collantes, Jose Manuel"]
[Result "1-0"]
[WhiteElo "2482"]
[BlackElo "1949"]
[PlyCount "37"]
[EventDate "2019.04.17"]
[EventType "swiss"]
[EventRounds "9"]
[EventCountry "ESP"]
[SourceTitle "Ajedrez en Madrid"]
[Source "lmi"]
[SourceDate "2019.04.17"]
[SourceVersion "1"]
[SourceVersionDate "2019.04.22"]
[SourceQuality "1"]

1. e4 c5 2. Nf3 d6 3. Nc3 Nf6 4. e5 dxe5 5. Nxe5 e6 6. Bb5+ Nbd7 7. d4 a6 8.
Bxd7+ Nxd7 9. Qh5 Nxe5 10. dxe5 b5 11. Bg5 Qc7 12. O-O-O Bb7 13. Rhe1 c4 14.
Ne4 Bxe4 15. Rxe4 Bc5 16. Qf3 Rc8 17. Rf4 h6 18. Rxf7 Qxe5 19. Bf4 1-0

[Event "46. Toreno La Roda 2019"]
[Site "La Roda ESP"]
[Date "2019.04.17"]
[Round "1.13"]
[White "Marin Aso, Jose Luis"]
[Black "Mogranzini, Roberto"]
[Result "0-1"]
[WhiteElo "1946"]
[BlackElo "2449"]
[PlyCount "60"]
[EventDate "2019.04.17"]
[EventType "swiss"]
[EventRounds "9"]
[EventCountry "ESP"]
[SourceTitle "Ajedrez en Madrid"]
[Source "lmi"]
[SourceDate "2019.04.17"]
[SourceVersion "1"]
[SourceVersionDate "2019.04.22"]
[SourceQuality "1"]

1. c4 c5 2. Nc3 g6 3. g3 Bg7 4. Bg2 Nc6 5. Rb1 d6 6. a3 Bf5 7. e4 Bd7 8. Nge2
h5 9. h4 Nf6 10. d3 O-O 11. Bg5 Nh7 12. Bf4 Nd4 13. Nxd4 cxd4 14. Ne2 b5 15.
cxb5 Bxb5 16. O-O e5 17. Bc1 Qa5 18. f4 Qa6 19. Rf3 Nf6 20. Bf1 Ng4 21. f5 Ba4
22. b3 Bc6 23. Bg5 d5 24. fxg6 fxg6 25. Rxf8+ Rxf8 26. b4 Qxa3 27. Qc2 Ba4 28.
Qc5 Qxd3 29. Qxd5+ Kh7 30. Rc1 Qf3 0-1

[Event "46. Toreno La Roda 2019"]
[Site "La Roda ESP"]
[Date "2019.04.17"]
[Round "1.14"]
[White "Tejedor Fuente, Enrique"]
[Black "Zamora Beamud, Andres"]
[Result "1-0"]
[WhiteElo "2429"]
[BlackElo "1943"]
[PlyCount "91"]
[EventDate "2019.04.17"]
[EventType "swiss"]
[EventRounds "9"]
[EventCountry "ESP"]
[SourceTitle "Ajedrez en Madrid"]
[Source "lmi"]
[SourceDate "2019.04.17"]
[SourceVersion "1"]
[SourceVersionDate "2019.04.22"]
[SourceQuality "1"]

1. e4 e5 2. Nf3 Nc6 3. d4 exd4 4. Bc4 Be7 5. Nxd4 Nf6 6. Nxc6 dxc6 7. Nd2 b5 8.
Be2 Bd6 9. a4 O-O 10. O-O Bd7 11. h3 Re8 12. Bd3 Qc8 13. Qf3 a6 14. Re1 c5 15.
b3 Be5 16. Ra2 Qb7 17. Bb2 Bxb2 18. Rxb2 Bc6 19. axb5 axb5 20. Qf5 Rad8 21.
Qxc5 Nxe4 22. Nxe4 Bxe4 23. Qxb5 Qa8 24. Bxe4 Rxe4 25. Rbb1 g6 26. Qc5 Red4 27.
Qxc7 Rc8 28. Qe5 Rd2 29. c4 Qa2 30. Qf6 Rd3 31. Qb2 Qa7 32. Qc2 Rg3 33. b4 Rg5
34. Qd2 Rf5 35. c5 Qb7 36. Rbc1 Rd5 37. Qf4 Qd7 38. Rc4 Rf5 39. Qd4 Qc7 40. b5
Rd8 41. b6 Rxd4 42. bxc7 Rxc4 43. c8=Q+ Kg7 44. c6 Rc2 45. Qd7 Rfc5 46. Re7 1-0

[Event "46. Toreno La Roda 2019"]
[Site "La Roda ESP"]
[Date "2019.04.17"]
[Round "1.15"]
[White "Gonzalez Lema, Carlos"]
[Black "Ladron De Guevara Pinto, Paolo"]
[Result "0-1"]
[WhiteElo "1938"]
[BlackElo "2429"]
[PlyCount "56"]
[EventDate "2019.04.17"]
[EventType "swiss"]
[EventRounds "9"]
[EventCountry "ESP"]
[SourceTitle "Ajedrez en Madrid"]
[Source "lmi"]
[SourceDate "2019.04.17"]
[SourceVersion "1"]
[SourceVersionDate "2019.04.22"]
[SourceQuality "1"]

1. d4 d5 2. c4 e6 3. Nc3 Nf6 4. Bg5 Be7 5. Nf3 h6 6. Bh4 O-O 7. e3 b6 8. cxd5
Nxd5 9. Bxe7 Qxe7 10. Nxd5 exd5 11. Bd3 c5 12. b3 Be6 13. O-O Nd7 14. Rc1 Rac8
15. Qe2 Bg4 16. Bb1 Nf6 17. h3 Bxf3 18. Qxf3 cxd4 19. exd4 Qb4 20. Qf4 Rfe8 21.
Kh2 Kf8 22. Bf5 Rxc1 23. Rxc1 g5 24. a3 Qxa3 25. Qc7 Qb2 26. Rc3 Qxf2 27. Rf3
Qxd4 28. Bg4 Nxg4+ 0-1

[Event "46. Toreno La Roda 2019"]
[Site "La Roda ESP"]
[Date "2019.04.17"]
[Round "1.16"]
[White "Plazuelo Pascual, Juan"]
[Black "Moreno Alcaraz, Jose Javier"]
[Result "1-0"]
[WhiteElo "2427"]
[BlackElo "1936"]
[PlyCount "75"]
[EventDate "2019.04.17"]
[EventType "swiss"]
[EventRounds "9"]
[EventCountry "ESP"]
[SourceTitle "Ajedrez en Madrid"]
[Source "lmi"]
[SourceDate "2019.04.17"]
[SourceVersion "1"]
[SourceVersionDate "2019.04.22"]
[SourceQuality "1"]

1. d4 Nf6 2. c4 c5 3. d5 b5 4. cxb5 a6 5. e3 g6 6. Nc3 d6 7. Nf3 Bg7 8. e4 O-O
9. a4 Bg4 10. Bd2 e6 11. Be2 exd5 12. exd5 axb5 13. axb5 Rxa1 14. Qxa1 Re8 15.
Be3 Nbd7 16. O-O Nb6 17. Rd1 Ne4 18. Qa5 f5 19. Bf1 Nxc3 20. bxc3 Re4 21. Ra1
f4 22. Bd2 Qb8 23. Ng5 Re8 24. Bxf4 h6 25. Ne6 Nxd5 26. Nxg7 Kxg7 27. Bg3 Re7
28. h3 Bf5 29. Qa2 Nf6 30. f3 Qd8 31. Qa6 d5 32. Qd6 Rd7 33. Qxc5 Nh5 34. Be5+
Kh7 35. Ra7 Qg5 36. f4 Qh4 37. Rxd7+ Bxd7 38. Qf8 1-0

[Event "46. Toreno La Roda 2019"]
[Site "La Roda ESP"]
[Date "2019.04.17"]
[Round "1.17"]
[White "Castro Santimoteo, Raul"]
[Black "Pilgaard, Kim"]
[Result "0-1"]
[WhiteElo "1924"]
[BlackElo "2418"]
[PlyCount "86"]
[EventDate "2019.04.17"]
[EventType "swiss"]
[EventRounds "9"]
[EventCountry "ESP"]
[SourceTitle "Ajedrez en Madrid"]
[Source "lmi"]
[SourceDate "2019.04.17"]
[SourceVersion "1"]
[SourceVersionDate "2019.04.22"]
[SourceQuality "1"]

1. Nf3 d5 2. c4 d4 3. g3 c5 4. Bg2 Nc6 5. O-O e5 6. d3 Bd6 7. a3 Nf6 8. e3 a5
9. exd4 cxd4 10. Bg5 h6 11. Bd2 O-O 12. Re1 Bf5 13. Qc2 Bh7 14. c5 Bc7 15. a4
Nd5 16. Qc4 Ndb4 17. Bxb4 Nxb4 18. Bf1 Qf6 19. Nfd2 Qa6 20. Na3 Bxd3 21. Bxd3
Nxd3 22. Qxa6 Rxa6 23. Re2 Nxc5 24. Nb5 Bb8 25. b3 Rc6 26. Rc1 Rfc8 27. Rc4 f6
28. f4 d3 29. Re3 Nxb3 30. Rxc6 bxc6 31. Nxb3 cxb5 32. Rxd3 bxa4 33. Nxa5 exf4
34. gxf4 Bxf4 35. Ra3 Rc1+ 36. Kg2 Rc2+ 37. Kf3 Bxh2 38. Rxa4 Bc7 39. Nc4 Rc3+
40. Ke4 Kh7 41. Ne3 Rc5 42. Nd5 Bg3 43. Ra7 f5+ 0-1

[Event "46. Toreno La Roda 2019"]
[Site "La Roda ESP"]
[Date "2019.04.17"]
[Round "1.18"]
[White "Campora, Daniel H."]
[Black "Trabazos Gallego, Javier"]
[Result "1-0"]
[WhiteElo "2405"]
[BlackElo "1923"]
[PlyCount "43"]
[EventDate "2019.04.17"]
[EventType "swiss"]
[EventRounds "9"]
[EventCountry "ESP"]
[SourceTitle "Ajedrez en Madrid"]
[Source "lmi"]
[SourceDate "2019.04.17"]
[SourceVersion "1"]
[SourceVersionDate "2019.04.22"]
[SourceQuality "1"]

1. e4 g6 2. d4 Bg7 3. Nf3 d5 4. exd5 Nf6 5. c4 O-O 6. Nc3 c6 7. dxc6 Nxc6 8. d5
Nb4 9. a3 Na6 10. Be2 Bg4 11. O-O Rc8 12. Be3 Nc5 13. Rc1 a6 14. h3 Bh5 15. b4
Ncd7 16. g4 Bxg4 17. hxg4 Nxg4 18. Bf4 e5 19. dxe6 fxe6 20. Bg3 Qe7 21. Qd6 Qe8
22. Nd4 1-0

[Event "46. Toreno La Roda 2019"]
[Site "La Roda ESP"]
[Date "2019.04.17"]
[Round "1.19"]
[White "Gonzalvez Tamarit, Ivan"]
[Black "Martinez Reyes, Pedro Ramon"]
[Result "0-1"]
[WhiteElo "1912"]
[BlackElo "2404"]
[PlyCount "64"]
[EventDate "2019.04.17"]
[EventType "swiss"]
[EventRounds "9"]
[EventCountry "ESP"]
[SourceTitle "Ajedrez en Madrid"]
[Source "lmi"]
[SourceDate "2019.04.17"]
[SourceVersion "1"]
[SourceVersionDate "2019.04.22"]
[SourceQuality "1"]

1. d4 Nf6 2. Nf3 c6 3. Bf4 Qb6 4. Qc1 d5 5. e3 Bf5 6. Be2 e6 7. O-O h6 8. h3
Nbd7 9. Nbd2 Be7 10. c4 a5 11. c5 Qa7 12. Qc3 O-O 13. Rfc1 Rfc8 14. b4 axb4 15.
Qxb4 b6 16. Bd6 bxc5 17. dxc5 Bxd6 18. cxd6 c5 19. Qf4 Qb6 20. g4 Bg6 21. a4 c4
22. h4 h5 23. Ng5 hxg4 24. Bxg4 c3 25. Ndf3 Rc4 26. e4 Nxe4 27. Nxe4 Rxe4 28.
Qg3 Nf6 29. Ne5 Qxd6 30. f4 Nxg4 31. Qxg4 Qxe5 32. Qxg6 Qd4+ 0-1

[Event "46. Toreno La Roda 2019"]
[Site "La Roda ESP"]
[Date "2019.04.17"]
[Round "1.20"]
[White "Merario Alarcon, Andres"]
[Black "Iglesias Fernandez, Luis"]
[Result "1-0"]
[WhiteElo "2399"]
[BlackElo "1912"]
[PlyCount "55"]
[EventDate "2019.04.17"]
[EventType "swiss"]
[EventRounds "9"]
[EventCountry "ESP"]
[SourceTitle "Ajedrez en Madrid"]
[Source "lmi"]
[SourceDate "2019.04.17"]
[SourceVersion "1"]
[SourceVersionDate "2019.04.22"]
[SourceQuality "1"]

1. d4 e6 2. c4 Nf6 3. Nc3 d5 4. cxd5 exd5 5. Bg5 Nbd7 6. e3 Be7 7. Bd3 O-O 8.
Qc2 h6 9. Bh4 Re8 10. Nf3 c6 11. O-O Ne4 12. Bxe7 Qxe7 13. Rab1 Ndf6 14. b4 Bf5
15. Na4 Bh7 16. b5 c5 17. dxc5 Rac8 18. c6 bxc6 19. bxc6 Ng4 20. h3 Ne5 21.
Nxe5 Qxe5 22. Rb7 Re7 23. Rfb1 f5 24. Bxe4 fxe4 25. Qc5 Rec7 26. Rxc7 Rxc7 27.
Nc3 Qe6 28. Nxd5 1-0

[Event "46. Toreno La Roda 2019"]
[Site "La Roda ESP"]
[Date "2019.04.18"]
[Round "2.3"]
[White "Perez Candelario, Manuel"]
[Black "Garrido Outon, Alex"]
[Result "1-0"]
[WhiteElo "2615"]
[BlackElo "2167"]
[PlyCount "61"]
[EventDate "2019.04.17"]
[EventType "swiss"]
[EventRounds "9"]
[EventCountry "ESP"]
[SourceTitle "Ajedrez en Madrid"]
[Source "lmi"]
[SourceDate "2019.04.17"]
[SourceVersion "1"]
[SourceVersionDate "2019.04.22"]
[SourceQuality "1"]

1. e4 e5 2. Nf3 Nc6 3. Bb5 a6 4. Ba4 Nf6 5. O-O Be7 6. Re1 b5 7. Bb3 d6 8. c3
O-O 9. h3 Nb8 10. d4 Nbd7 11. Nbd2 Bb7 12. Bc2 Re8 13. Nf1 Bf8 14. Ng3 g6 15.
b3 c6 16. Bg5 h6 17. Be3 Qc7 18. Qd2 Kh7 19. Nh2 Bg7 20. Rac1 Rad8 21. f4 Qa5
22. b4 Qc7 23. Qf2 a5 24. Nf3 Ra8 25. dxe5 dxe5 26. f5 c5 27. bxc5 Rac8 28. Bb3
Rf8 29. Bxf7 Rxf7 30. fxg6+ Kxg6 31. Ng5 1-0

[Event "46. Toreno La Roda 2019"]
[Site "La Roda ESP"]
[Date "2019.04.18"]
[Round "2.4"]
[White "Perez Ordonez, Jose Ramon"]
[Black "Popov, Ivan"]
[Result "1/2-1/2"]
[WhiteElo "2161"]
[BlackElo "2585"]
[PlyCount "51"]
[EventDate "2019.04.17"]
[EventType "swiss"]
[EventRounds "9"]
[EventCountry "ESP"]
[SourceTitle "Ajedrez en Madrid"]
[Source "lmi"]
[SourceDate "2019.04.17"]
[SourceVersion "1"]
[SourceVersionDate "2019.04.22"]
[SourceQuality "1"]

1. d4 e6 2. c4 c5 3. d5 exd5 4. cxd5 d6 5. Nc3 a6 6. a4 g6 7. Nf3 Bg7 8. Nd2
Nd7 9. e3 f5 10. Be2 Ngf6 11. Nc4 Nb6 12. Na3 Nbd7 13. Nc4 Nb6 14. Na3 O-O 15.
a5 Nbd7 16. Nc4 b5 17. axb6 Nxb6 18. Na5 Ne4 19. Bd2 Nxd2 20. Qxd2 Kh8 21. h4
Nd7 22. g3 Ne5 23. Nc4 Ng4 24. Bxg4 fxg4 25. Ne4 Bd7 26. Nexd6 1/2-1/2

[Event "46. Toreno La Roda 2019"]
[Site "La Roda ESP"]
[Date "2019.04.18"]
[Round "2.5"]
[White "Forcen Esteban, Daniel"]
[Black "Rodriguez Garcia, Manuel Fco"]
[Result "1-0"]
[WhiteElo "2567"]
[BlackElo "2152"]
[PlyCount "61"]
[EventDate "2019.04.17"]
[EventType "swiss"]
[EventRounds "9"]
[EventCountry "ESP"]
[SourceTitle "Ajedrez en Madrid"]
[Source "lmi"]
[SourceDate "2019.04.17"]
[SourceVersion "1"]
[SourceVersionDate "2019.04.22"]
[SourceQuality "1"]

1. c4 Nf6 2. Nc3 e6 3. b3 d5 4. e3 Be7 5. Bb2 O-O 6. Nf3 c5 7. cxd5 exd5 8. d4
Nc6 9. Be2 Be6 10. O-O Rc8 11. Rc1 b6 12. Ba6 Rc7 13. Bb5 cxd4 14. Nxd4 Nxd4
15. Qxd4 Bc5 16. Qa4 Qe7 17. Rfd1 Rd8 18. Be2 Rcd7 19. Nb5 Ne4 20. Bf3 Qh4 21.
g3 Qg5 22. Nd4 Bg4 23. Bxg4 Qxg4 24. Qb5 Bxd4 25. Rxd4 Rd6 26. Rc2 Qf3 27. Ba3
Nxg3 28. fxg3 Qxe3+ 29. Rf2 Rf6 30. Rdd2 d4 31. Qd3 1-0